Memoria leída en la solemne inauguración del Real Dispensario Antituberculero, Victoria Eugenia, el 28 de diciembre de 1908 / (Registro nro. 60495)

Detalles MARC
000 -LEADER
campo de control de longitud fija 01025nam a2200229 i 4500
001 - NÚMERO DE CONTROL
campo de control 60495
003 - IDENTIFICADOR DE NÚMERO DE CONTROL
campo de control ES-MaACL
005 - FECHA Y HORA DE LA ÚLTIMA TRANSACCIÓN
campo de control 20230906164237.0
007 - CAMPO FIJO DE DESCRIPCIÓN FÍSICA--INFORMACIÓN GENERAL
campo de control de longitud fija t|
008 - DATOS DE LONGITUD FIJA--INFORMACIÓN GENERAL
campo de control de longitud fija 031105s1909 sp ||||1| spa d
100 1# - ENTRADA PRINCIPAL--NOMBRE DE PERSONA
Nombre de persona Espina y Capo, Antonio,
Fechas asociadas al nombre 1850-1930
9 (RLIN) 47840
245 10 - MENCIÓN DEL TÍTULO
Título Memoria leída en la solemne inauguración del Real Dispensario Antituberculero, Victoria Eugenia, el 28 de diciembre de 1908 /
Mención de responsabilidad, etc. por el director jefe... Antonio Espina y Capo.
260 ## - PUBLICACIÓN, DISTRIBUCIÓN, ETC.
Lugar de publicación, distribución, etc. Tetuan de Chamartín (Madrid) :
Nombre del editor, distribuidor, etc. Bailly-Baillière,
Fecha de publicación, distribución, etc. 1909.
300 ## - DESCRIPCIÓN FÍSICA
Extensión 34 p. :
Otras características físicas il., planos ;
Dimensiones 23 cm.
530 ## - NOTA DISPONIBLE DE FORMULARIO FÍSICO ADICIONAL
Nota de formato físico adicional disponible Disponible en formato digital.
594 ## - Nota al título y mención de responsabilidad
Nota al título y mención de responsabilidad Precede al título: Ministerio de la Gobernación, Comisión Permanente contra la Tuberculosis. Junta Central.
610 24 - PUNTO DE ACCESO ADICIONAL DE MATERIA--NOMBRE DE ENTIDAD CORPORATIVA
Nombre de entidad corporativa o nombre de jurisdicción como elemento de entrada Dispensario Antituberculoso (Madrid)-
Subdivisión de forma Historia.
9 (RLIN) 157458
852 ## - LOCALIZACIÓN
Ubicación ES-MaACL
Número de control de estantería T-1213-F-7
852 ## - LOCALIZACIÓN
Ubicación ES-MaACL
Número de control de estantería T-1213-F-9
856 ## - LOCALIZACIÓN Y ACCESO ELECTRÓNICOS
Identificador Uniforme de Recursos <a href="http://bdh-rd.bne.es/viewer.vm?id=0000187667&page=1 ">http://bdh-rd.bne.es/viewer.vm?id=0000187667&page=1 </a>
Nota pública Biblioteca Digital Hispánica
Existencias
Estatus retirado Estado de pérdida Estado de daño No para préstamo Colección Biblioteca de origen Biblioteca actual Ubicación en estantería Fecha de adquisición Fuente de adquisición Total de préstamos Signatura topográfica completa Código de barras Visto por última vez Precio de reemplazo Tipo de ítem Koha
        Colección de folletos Biblioteca del Ateneo de Madrid Biblioteca del Ateneo de Madrid Depósito folletos 26/05/2005     T-1213-F-9 1202052 23/02/2023 23/02/2023 Folleto
        Colección de folletos Biblioteca del Ateneo de Madrid Biblioteca del Ateneo de Madrid Depósito folletos 17/01/2008     T-1213-F-7 1063446 23/02/2023 23/02/2023 Folleto